000
00146nam a2200085Ia 4500
100
_a
#N/A
942
_c
BK
245
_a
Visual Studio
260
_b
#N/A
999
_c
29479
_d
29479